Bhagavad Gita, the Song of God. (Record no. 4878)

MARC details
000 -LEADER
fixed length control field 00560nam a2200229 a 4500
020 ## - INTERNATIONAL STANDARD BOOK NUMBER
ISBN
082 00 - DEWEY DECIMAL CLASSIFICATION NUMBER
Classification number 294.5924
Author Cutter PRA
100 ## - MAIN ENTRY--AUTHOR NAME
Author name Prabhavananda, Swami
245 ## - TITLE STATEMENT
Title Bhagavad Gita, the Song of God.
260 ## - PUBLICATION, DISTRIBUTION, ETC. (IMPRINT)
Place of publication New York
Name of publisher New American Library
Year of publication 1956
300 ## - PHYSICAL DESCRIPTION
Number of Pages 143p
500 ## - GENERAL NOTE
General note includes index and biblioraphy
505 2# - FORMATTED CONTENTS NOTE
Formatted contents note Conclusion
650 ## - SUBJECT ADDED ENTRY--TOPICAL TERM
Topical Term Bhagavad Gita
942 ## - ADDED ENTRY ELEMENTS (KOHA)
Koha item type Books
Holdings
Collection code Home library Current library Date acquired Cost, normal purchase price Full call number Accession Number Koha item type
  Henry Martyn Institute Library Henry Martyn Institute Library 07/26/2007 100.00 294.5924 PRA 08826 Books
                   Copyright © 2026 | Henry Martyn Institute | Hyderabad | TS-500052 | INDIA | Implemented by hmi.edu.in
Hit-Count:

Powered by Koha